[Event "RUS-chT 12th"]
[Site "Sochi"]
[Date "2005.04.20"]
[Round "2"]
[White "Lastin, Alexander"]
[Black "Akopian, Vladimir Eduardovic"]
[Result "1/2-1/2"]
[WhiteElo "2590"]
[BlackElo "2703"]
[Annotator "Kapengut"]
[PlyCount "116"]
[EventDate "2005.04.19"]
[EventType "team-tourn"]
[EventRounds "11"]
[EventCountry "RUS"]
[SourceTitle "EXT 2020"]
[Source "ChessBase"]
[SourceDate "2019.10.17"]
[SourceVersion "1"]
[SourceVersionDate "2019.10.17"]
[SourceQuality "1"]
[WhiteTeam "Nizhny Tagil Politekhnik"]
[BlackTeam "Sverdlovsk Ural region"]
[WhiteTeamCountry "RUS"]
[BlackTeamCountry "RUS"]

1. d4 Nf6 2. c4 e6 3. g3 c5 4. d5 exd5 5. cxd5 d6 6. Bg2 g6 7. Nc3 Bg7 8. Nf3
O-O 9. O-O Re8 10. Bf4 a6 11. a4 Nh5 12. Bg5 Qb6 (12... Qc7 {see Gelfand,
B-Vallejo Pons,F}) (12... Nf6 13. Qc1 (13. Nd2 Nbd7 14. Nc4 Ne5 15. Nxe5 Rxe5
16. Bf4 {see A64}) 13... Bg4 14. Qf4 Bf5 15. e4 Bc8 16. Nd2 Nh5 17. Bxd8 Nxf4
18. Bc7 Nxg2 19. Kxg2 Nd7 20. Bxd6 $16 {Verat,L-Joly,P/FRA-chT 1991}) (12... f6
13. Be3 (13. Bd2 f5 14. Ng5 $1 {[%cal Gg5e6]} Ra7 15. Qb3 Bf6 16. Ne6 Qe7 17.
Qb6 Ra8 18. Nc7 Nd7 19. Qb3 $18 {Hausner,I-Voigt,M/Prague 1990}) (13. Bc1 Bh8
14. e4 Nd7 15. Nd2 (15. g4 Ng7 16. h3 Rb8 $132) 15... Ne5 16. h3 f5 17. exf5
Bxf5 18. Nde4 Nf7 (18... c4 $5 19. Bg5 Nf6 20. a5 Rf8 21. b3 b5 22. axb6 Qxb6
23. Bxf6 Bxf6 24. Nxf6+ Rxf6 25. bxc4 Bd3 $132) 19. g4 Bxe4 20. Nxe4 Nf6 21.
Ng5 Nxg5 22. Bxg5 Qb6 23. Qc2 Re7 24. Rae1 Rae8 25. Re6 Rxe6 26. dxe6 Rxe6 27.
Bxf6 Rxf6 28. Bd5+ $44 {Conquest,S-Lawton,G/Southport 1983}) 13... f5 14. Qd2
Nd7 15. Ng5 (15. Bg5 Qc7 16. Rfe1 Ndf6 17. Rac1 Qf7 (17... Ne4 $5) 18. Rcd1 Qf8
19. Qc2 h6 20. Bc1 g5 21. b3 Bd7 22. a5 Re7 23. Ba3 Rae8 24. e3 $11 {Parker,
J-Levitt,J/Dublin Telecom 1991}) 15... Ne5 16. Ne6 Bxe6 $6 (16... Nc4 $5 17.
Nxd8 Nxd2 18. Bxd2 Rxd8 $11) 17. dxe6 Rb8 18. Rfd1 Kh8 19. Bd5 b5 20. Bg5 Qb6
21. axb5 axb5 22. Bg2 Nc4 23. Qc2 Rxe6 24. Nd5 (24. b3 $1) 24... Qb7 25. Nf6
Qc7 26. Nxh5 gxh5 27. Ra2 Rg6 28. Bf4 Rf8 29. Rda1 Qf7 $44 {Rice,M-Braakhuis,W/
IECG 1998}) (12... Bf6 $6 13. Bxf6 (13. Bh6 Nd7 14. e4 (14. Nd2) 14... Rb8 15.
Qd2 Ne5 16. Nxe5 Bxe5 17. f4 Bd4+ 18. Kh1 f5 19. Rae1 Bd7 20. Bf3 Ng7 21. b4 b6
22. b5 axb5 23. Nxb5 Bxb5 24. axb5 Qd7 25. Qd3 fxe4 26. Bxe4 Nf5 $132 {
Sherbakov,R-Khomyakov,V/Warsaw 1991}) 13... Nxf6 (13... Qxf6 $6 14. Nd2 Qd8 $6
(14... Qe7) 15. Nc4 Qc7 16. a5 Nf6 17. Qd2 Kg7 18. Qf4 Rd8 19. Rfe1 Ne8 20. Nb6
Ra7 21. Rac1 Bd7 22. b4 $1 $18 {Goj,A-Widera,J/Zabrzanski Wrzesien 1994}) 14.
Nd2 Nbd7 15. a5 Rb8 16. h3 Qe7 (16... b5 17. axb6 Qxb6 18. Qc2 Qxb2 19. Qxb2
Rxb2 20. Nc4 Rb3 21. Rfc1 $14) 17. Qc2 h5 18. e3 b5 19. axb6 Nxb6 20. Rfe1 Bb7
$6 (20... Nfd7 $5 {[%cal Gc5c4]} 21. Qd3 Ne5 22. Qe2 c4 $132) 21. Qd3 Nfd7 22.
f4 Kg7 23. Rad1 f5 24. Nf3 Qf6 25. e4 $1 $16 {Dautov,R-Braeuner,U/Baden-Baden
1990}) (12... Qd7) 13. Qc2 (13. Bd2 Nf6 14. a5 {1/2-1/2 Urban,K-Murdzia,P/
Sopot 1997}) (13. Qd2 Nd7 14. a5 (14. g4 $6 Nhf6 15. a5 Qc7 (15... Qb4 $5 16.
Ra4 Qb3 (16... Ne4 $140 $6 17. Qd3 $1 Bxc3 18. Rxb4 Bxb4 19. Bf4 Bxa5 20. Nh4
$16) 17. Rfa1 b5 18. axb6 Rb8 $132) 16. Qf4 b5 17. axb6 Qxb6 18. h3 (18. Ra2 a5
$132) 18... Qxb2 19. Rfc1 Qxc3 $1 (19... Qb8 $6 20. Nd2 h6 21. Bxh6 Ne5 22.
Bxg7 Kxg7 23. Rcb1 $16 {Andrews,S-Palmer,T/Detroit 1990}) 20. Rxc3 Nxd5 21.
Qxd6 Nxc3 22. Re1 a5 $15) (14. Rfc1 f5 (14... Ne5 $6 15. a5 Qc7 16. Nxe5 Bxe5
17. Na4 Bd7 18. Nb6 Rab8 19. Rab1 Bb5 20. Bf3 Nf6 21. b4 $1 c4 22. Nxc4 $1 Bxc4
23. Bxf6 Bxf6 24. Qf4 $16 {Donaldson,J-Chow,R/Vancouver 1985}) 15. a5 Qb4 16.
Bh6 (16. Ra4 $140 $4 Bxc3 $19) 16... Bh8 17. Ng5 b5 18. axb6 Nxb6 19. Ne6 Ra7
$14) (14. Rfe1 c4 15. Be3 (15. a5) 15... Nc5 16. Bd4 Qc7 17. Bxg7 Nxg7 (17...
Nb3 $5 18. Qh6 f6 19. Rad1 Nxg7 20. Qf4 $14) 18. Qf4 Nb3 19. Rad1 {[%cal Gc3e4]
} Nh5 $6 (19... Re7 $5 20. Ne4 Ne8 21. Ned2 Nxd2 22. Rxd2 Bf5 23. Nd4 Re5 $14)
20. Qh4 Rb8 (20... f5 21. Ng5 Na5 22. e4 Qe7 23. f4 $16) 21. g4 Nf4 22. Ng5 f5
23. gxf5 Nxg2 24. Kxg2 Bxf5 25. e4 Bc8 26. e5 $1 $18 {Noomen,J-Cmiel,T/Dieren
1984}) (14. e4 Ne5 (14... c4 $5) 15. Nxe5 Bxe5 16. a5 Qb4 17. Na4 Qxd2 18. Bxd2
Bd7 19. Nb6 Rad8 (19... Bb5 20. Nxa8 Bxf1 21. Kxf1 Rxa8 22. f4 Bd4 23. Bc3 $16)
20. Bc3 Bb5 21. Rfe1 g5 $5 22. Bh3 Nf6 23. f3 Nd7 (23... h5 24. Bf5 $16) 24.
Bxd7 Bxc3 (24... Bxd7 $6 25. Bxe5 Rxe5 26. Nc4 $18 {Sosonko,G-Hottes,D/Germany
1982}) 25. bxc3 Bxd7 26. Rab1 $16) 14... Qc7 15. Rfc1 Rb8 16. b4 $1 b5 17. axb6
Qxb6 18. bxc5 Nxc5 19. Rab1 Nb3 20. Qd1 $14 Bf5 21. e4 Bg4 22. Rc2 Qa5 23. Ne2
Nc5 (23... Rxe4 $5 24. h3 Bxf3 25. Bxf3 Reb4 26. Bxh5 gxh5 27. Be7 Be5 28. Rc6
Nd4 $132) 24. Rxb8 Rxb8 25. h3 Bd7 26. Nfd4 Ba4 27. Qd2 Rb1+ 28. Rc1 Qb6 29.
Kh2 {Hausner,I-Damljanovic,B/Trnava 1982} Rb2 $132) 13... Nd7 14. e4 (14. a5
Qc7 15. h3 b5 16. axb6 Nxb6 17. e4 Rb8 18. Rfe1 h6 19. Bc1 Nf6 20. Re2 (20. Bf1
Nfd7 21. Be3 c4 22. Bd4 Nc5 23. Bxg7 Kxg7 24. Nd4 {1/2-1/2 Vulicevic,
B-Stojanovic,D/Tivat 1995}) 20... Bd7 21. Kh2 Bb5 22. Nxb5 axb5 23. Nd4 $5
Nfxd5 $5 24. Nxb5 (24. exd5 $140 Bxd4 25. Bxh6 Na4 $132) 24... Qd7 25. Nxd6 Nb4
$5 (25... Qxd6 $6 26. exd5 Nxd5 27. Rxe8+ Rxe8 28. Qd3 Rd8 29. Ra6 Qd7 30. Qc4
$16 {1/2-1/2 Matnadze,A-Tereladze,S/Tbilisi 2002}) 26. Qxc5 Nd3 27. Qb5 $1 Qxd6
28. Rd2 Red8 29. Bf1 Qf6 $5 30. Rxd3 (30. Bxd3 Nd7 31. Ra6 Qf3 32. Qa5 Rdc8 33.
Bc2 Ne5 $132) 30... Rxd3 (30... Qxf2+ $6 31. Bg2 Bd4 32. Bf4 Nd7 33. Qa5 Ra8
34. Qxa8 (34. Qe1 Qxb2 35. Rad1 (35. Rxa8 Rxa8 36. Qd2 $14) 35... Ra4 36. e5
Nc5 37. R3d2 Qb6 38. Bxh6 $16) 34... Rxa8 35. Rxa8+ Kg7 36. Ra1 Ne5 37. Rf1
Qxb2 38. Rd2 Qb6 39. Rfd1 Bc3 40. Rd5 Qb2 $140 41. R1d2 $1 $16) 31. Qxd3 Qxf2+
32. Bg2 Bxb2 33. Be3 $5 (33. Ra2 $140 $6 Qd4 34. Qxd4 Bxd4 35. Bxh6 $14) 33...
Qf6 34. Ra6 Be5 35. Qd1 (35. Ra5 Kh7 36. Rxe5 Qxe5 37. Bf4 Qe8 38. Bxb8 Qxb8
$11) 35... h5 36. Qg1 Bc7 $132) 14... Qc7 15. Nd2 Rb8 16. a5 b5 17. axb6 Rxb6
18. Be3 Ne5 19. h3 f5 20. Rae1 Rb4 21. b3 (21. Kh2 Qb8 22. b3 {see below})
21... Qb8 (21... Qf7 $6 22. f4 Nxg3 23. fxe5 Nxf1 24. Rxf1 Bxe5 25. Nc4 Qg7 26.
Bd2 $14) (21... a5 $5 22. f4 (22. exf5 Bxf5 23. Nde4 c4 (23... Nf6 24. Bc1 Reb8
25. f4 Ned7 26. g4 Bxe4 27. Nxe4 Rxb3 28. Ng5 $44) 24. bxc4 Nf6 (24... Rxc4 25.
Qa2 Rxc3 26. Nxc3 Qxc3 27. Rc1 Qb4 28. Bd2 Qb5 29. g4 Bd3 30. gxh5 $132) 25.
Bg5 Nxe4 26. Nxe4 Rxc4 27. Qd1 Qd7 28. Nf6+ Bxf6 29. Bxf6 Bxh3 30. f4 Bxg2 31.
Kxg2 Nf7 32. Qd2 a4 $15) 22... Nxg3 $5 23. fxe5 Nxf1 24. Rxf1 Bxe5 25. Nc4 Bd4
26. Bxd4 cxd4 27. exf5 (27. Na2 Rb8 $17) 27... dxc3 28. fxg6 Ba6 29. Qxc3 hxg6
30. Qg3 Qg7 (30... Qa7+ 31. Kh2 Qg7 32. Nxd6 Bxf1 33. Nxe8 Qb2 34. Qxg6+ Kf8
35. Qf5+ $11) 31. Nxd6 Rd8 32. Rf2 Bd3 33. Qe3 $5 (33. Qxd3 Rxd6 $15) 33... Rf8
(33... Rxd6 $140 $2 34. Qe8+ Kh7 35. Rf7 $16) 34. Rd2 Qc7 35. Rxd3 (35. Qe6+
Kh7 36. Rxd3 Rb6 $15) 35... Qxd6 36. Rc3 Qf4 37. Qxf4 Rfxf4 $15) 22. Kh2 c4 (
22... Nf7 $5 23. f4 Bd7 (23... a5 24. e5 $5 $14) 24. Bf2 Nf6 25. e5 dxe5 26.
fxe5 Nxe5 27. Bxc5 Rb7 28. d6 (28. Nc4 $140 $6 Nxc4 29. bxc4 Rc8 $15) 28... Bc6
29. Bxc6 Nxc6 30. Qd3 a5 $132) 23. Rb1 cxb3 24. Rxb3 Rxb3 25. Nxb3 Nc4 (25...
Bd7 26. exf5 Bxf5 27. Ne4 Nf6 28. Nxf6+ Bxf6 29. Qd1 Nc4 30. Bd4 Be5 31. Bxe5
dxe5 32. Nd2 Nd6 33. Re1 Qb2 $132) 26. Bd4 f4 $5 (26... Na3 $6 27. Qa2 Qb4 28.
Bxg7 Nxg7 29. Rc1 Bd7 30. Nd4 Qxd4 31. Qxa3 fxe4 32. Qxd6 Bb5 33. Nxb5 axb5 34.
Qc5 Qd3 35. Bf1 $16) (26... Qb4 $6 27. Bxg7 Nxg7 28. Nd4 Ne5 29. Nc6 Qc4 30.
Nxe5 dxe5 31. Qb2 Qc5 32. Na4 $16) (26... Nf6 27. Ra1 Re7 (27... fxe4 28. Nxe4
Nxe4 29. Bxg7 Kxg7 30. Qxc4 Nf6 31. Nd4 $16) 28. Ra4 (28. Rc1 Bd7 29. Ne2 Ne5
30. f4 Nf7 31. Qb2 Nh5 32. Bxg7 Nxg7 33. Nc3 Qb4 $14) 28... Rc7 29. exf5 Bxf5
30. Qa2 Bc8 31. Bxf6 Bxf6 32. Ne4 $16) 27. Bxg7 (27. g4 f3 $5 28. gxh5 fxg2 (
28... Be5+ 29. Bxe5 fxg2 30. Rc1 Nxe5 31. Ne2 (31. Nd4 Qb4 32. Nce2 Qa3 33. Ng1
Qd3 $132) 31... Qa7 32. Nbd4 g1=Q+ 33. Kxg1 Bxh3 $14) 29. Kxg2 Be5 (29... Bd7
$6 30. Bxg7 Kxg7 31. hxg6 hxg6 32. Ne2 Qc8 33. Qc3+ $16) 30. hxg6 hxg6 31. Rg1
Qb4 32. Na2 Qa4 33. Rc1 Na3 34. Qd3 Bd7 35. Re1 (35. Bxe5 Rxe5 36. Nd2 Rg5+ $44
) 35... Qc4 36. Qxc4 Nxc4 37. Nc3 $14) 27... fxg3+ 28. Kh1 (28. fxg3 $140 $2
Ne3 $19) 28... Kxg7 29. Ne2 Qb4 30. Rc1 Ne5 (30... Na3 31. Qb2+ Kg8 32. Nxg3 (
32. fxg3 Bxh3 33. Bxh3 Qxe4+ 34. Kg1 Qe3+ $11) 32... Nxg3+ 33. fxg3 Bd7 34. Kh2
Nc4 35. Qd4 Bb5 36. Rc3 a5 $132) 31. f4 Nf7 32. Nbd4 Bd7 33. Rb1 (33. Nc6 Qa3
34. Qd2 h6 35. Ned4 g5 $5 $132) (33. Qa2 {[%csl Ra6][%cal Gd4e6]} Rb8 34. Qxa6
Qb2 35. Rc7 Qb1+ 36. Ng1 Nxf4 37. Rxd7 Nd3 38. Ne6+ Kg8 39. Rxf7 Nf2+ (39...
Kxf7 40. Bf3 $16) 40. Rxf2 gxf2 41. Qf1 Qa2 $132) 33... Qa3 34. Qc7 Qd3 (34...
Qa2 35. Re1 Bb5 36. Qc3 Kg8 37. Bf3 Nxf4 38. Ra1 g2+ 39. Kh2 (39. Bxg2 $140 $2
Nxe2 $19) 39... g1=Q+ 40. Kxg1 Qc4 41. Qxc4 Nxh3+ 42. Kh2 Bxc4 43. Kxh3 Ng5+
44. Kg2 Nxe4 45. Nf4 $14) 35. Rf1 Rxe4 $5 (35... Bb5 $6 36. e5 $1 Qc4 37. Qa7
Qc5 38. Nxb5 axb5 39. Qxc5 dxc5 40. Bf3 $14) 36. Qxd7 Rxd4 37. Nxd4 Qxd4 38.
Qg4 (38. f5 g5 39. Qe6 a5 40. Qe1 Nf4 41. Qxg3 Nxd5 42. Qe1 a4 43. Qa1 Qxa1 44.
Rxa1 Nb6 45. Bc6 Kf6 46. Rb1 $11) 38... Nh6 39. Qd7+ Nf7 40. Qg4 Qe3 (40... a5
41. f5 Qxg4 42. hxg4 Nf6 43. Rf4 gxf5 44. gxf5 h5 45. Ra4 Nh6 $15) 41. Qe6 $11
Qc3 (41... Qd2 42. Qe4 Nh6 43. Qe7+ Nf7 $11) 42. Qe2 a5 (42... Nh6 43. Qe7+ Nf7
44. Qe8 Qd2 45. Qa4 Nh6 46. Rd1 Qf2 47. Qa1+ $11) 43. f5 Ne5 44. fxg6 hxg6 45.
Qa6 Qc7 (45... Nd3 46. Qa7+ Kh6 47. Qe3+ Kg7 48. Qe7+ Kh6 $11) 46. Ra1 Nf4 47.
Qxa5 Qc2 48. Qa2 Qf5 (48... Qc5 49. Qa7+ Kf6 50. Qxc5 dxc5 {[%cal Gg6g5]} 51.
h4 Ned3 $11) 49. Qa7+ Kh6 50. Qe3 Ned3 51. Qxg3 Nxg2 52. Kxg2 Nf4+ 53. Kh2 Qc2+
54. Kh1 Qe4+ $11 55. Kh2 Ne2 56. Qxd6 Qf3 57. Rg1 Nxg1 58. Kxg1 Qd1+ 1/2-1/2

[Event "Abu Dhabi op 14th"]
[Site "Abu Dhabi"]
[Date "2004.08.21"]
[Round "7"]
[White "Gleizerov, Evgeny"]
[Black "Minasian, Artashes"]
[Result "1-0"]
[WhiteElo "2539"]
[BlackElo "2584"]
[Annotator "Kapengut"]
[PlyCount "87"]
[EventDate "2004.08.14"]
[EventType "swiss"]
[EventRounds "9"]
[EventCountry "UAE"]
[SourceTitle "CBM 103"]
[Source "ChessBase"]
[SourceDate "2004.11.11"]
[SourceVersion "1"]
[SourceVersionDate "2004.11.11"]
[SourceQuality "1"]

1. d4 g6 2. c4 Bg7 3. Nf3 c5 4. d5 Nf6 5. Nc3 d6 6. g3 O-O 7. Bg2 e6 8. O-O
exd5 9. cxd5 Na6 {Less popular than the reflex Benoni plan of Nbd7, Re8 and a6,
though it is also very respectable.} 10. Nd2 Nc7 11. Nc4 b6 {The similar way
as in the next line 11...b5?! sacrifices a rook instead of a bishop for
getting the initiative without weakening of << side. The basic continuation is
11...Nfe8 12.a4 b6.} (11... b5 $6 {The history of this variation has begun
since the game of the annotator against his famous teacher in 1961 and all
this time Black has been trying to find out some compensation for the exchange.
} 12. Nxd6 $1 Qxd6 (12... b4 13. Nce4 Nfxd5 14. Nxc8 Rxc8 15. Nxc5 Qe7 16. Ne4
h6 17. Qb3 Rfd8 18. Rd1 Kh7 19. h4 f5 20. Bg5 hxg5 21. Nxg5+ Kh8 22. Bxd5 $18 {
Beil,Z-Tokaji Nagy,Gy/VI."Elekes" "A" Budapest 1981}) 13. Bf4 Qd7 (13... Qd8 $6
14. d6 Ne6 15. Bxa8 Nxf4 16. gxf4 b4 17. Na4 Bd7 18. Bg2 Qa5 19. b3 Nh5 20. Rc1
Bxa4 21. bxa4 Nxf4 22. Rc4 Be5 23. Re4 f6 24. e3 Nxg2 25. Kxg2 Qd8 26. Qd5+ Kg7
27. f4 $18 {Dusa,D-Taborsky,R/Pardubice Komercni Banka op 1996}) (13... Qb6 $6
14. d6 Ne6 (14... Rd8 $2 15. dxc7 $3 {This magnificent move Boleslavsky had
found out before our game more than fourty years ago!} (15. Qc1 Rxd6 16. Bxd6
Qxd6 17. Bxa8 Nxa8 18. Rd1 Qc6 19. Rd8+ Bf8 20. Qh6 Ne8 21. Qe3 Bb7 22. f3 Nac7
23. Rad1 Ne6 $14 {Le Bideau,A-Lupu,S/Val Maubuee op 1990}) 15... Rxd1 16. Rfxd1
Bb7 17. Bxb7 Qxb7 18. Rd8+ Ne8 19. Rad1 Bf6 (19... Bd4 20. Rb8 Qc6 21. Nd5 $1
$18) 20. Rb8 Qc8 21. Rxc8 Rxc8 22. Nxb5 a6 23. Na7 Rxc7 24. Bxc7 Nxc7 {1-0
Boleslavsky,I-Kapengut,A/Minsk 1961}) (14... Nh5 15. dxc7 Nxf4 16. Bxa8 Bh3 {
Kotkov,Y} 17. gxf4 Bxf1 18. Nd5 Qe6 19. f5 $1 $18) (14... Bb7 15. Bxb7 (15.
dxc7 Bxg2 16. Kxg2 Qc6+ 17. Kg1 b4 18. Qa4 Qe6 19. Nb5 Qh3 20. f3 Nd5 21. Nd6
Nxc7 22. Be3 Ne6 $132 {Nielsen,Be-Jensen,O/Taastrup 25' 1997}) 15... Qxb7 (
15... Rad8 16. Bf3 Nce8 17. Qb3 a6 18. e4 $1 c4 19. Qb4 Nd7 20. Nd5 Qc5 21.
Qxc5 Nxc5 22. e5 {+- Vladimirov,E-Kristiansen/FRA 1974}) 16. dxc7 b4 17. Na4
Nd5 18. Nxc5 Qc6 19. Nd3 Nxf4 20. Nxf4 Qxc7 $14 {Relic,R-Stankovic,M/JUG-chTW
Niksic 1997}) 15. Bxa8 Nxf4 16. gxf4 Rd8 (16... Bh3 17. Bg2 Bxg2 18. Kxg2 Rd8 (
18... Qc6+ 19. Kg1 b4 20. d7 Rd8 21. Na4 g5 22. Qc2 Ne4 23. Rac1 Bd4 24. f5 g4
25. Rcd1 Ng5 26. Rd3 Nh3+ 27. Rxh3 gxh3 28. e4 Rxd7 29. Rd1 Qd6 30. Kh1 Qf4 $17
{Wallach-Burke/Midwest Masters VI 1988}) 19. e3 $16 (19. Qb3 Qc6+ 20. f3 b4 21.
Qa4 Rxd6 22. Qxc6 Rxc6 23. Nd1 Nd5 24. Kg3 Bh6 25. e3 c4 $44 {Derieux,
C-Moulain,J/Paris-ch 1992})) 17. Bg2 $16 (17. Qd2 Bh3 18. Bg2 Bxg2 19. Kxg2 b4
20. Nd5 Qb7 21. e4 Nxe4 22. Ne7+ Kf8 23. Qd5 Qxd5 24. Nxd5 Bxb2 25. Rad1 Nxd6
$44 {Gerber,R-Anastasian,A/Candas op 1996}) 17... Rxd6 (17... Bb7 $6 18. Bxb7
Qxb7 19. Qc2 Nh5 20. Qe4 Qd7 21. Qf3 $18 {Despotovic-Waisse/Dresden 1969}) 18.
Qc2 (18. Qb3 a6 19. Rad1 Be6 20. Qc2 c4 21. e3 h5 22. Rxd6 Qxd6 23. Rd1 Qc5 24.
Rd8+ Kh7 25. Qd2 b4 26. Ne2 Qa5 {Lapienis,D-Konstantinov,A/Novosibirsk 1962}
27. a3 $16) (18. Qc1 Be6 19. Rd1 b4 20. Na4 Rxd1+ 21. Qxd1 Qc7 22. a3 $1 a5 (
22... Qxf4 $6 23. Nxc5 Ng4 24. Qd8+ Bf8 25. Nxe6 Qxf2+ (25... Qxh2+ 26. Kf1
fxe6 27. Qg5 Ne5 28. axb4 $18) 26. Kh1 fxe6 27. Rf1 Qc5 28. Qh4 $16) (22... b3
$5 {Renet,O}) 23. axb4 axb4 24. Qd2 Bf8 25. e3 Kg7 26. Qd3 c4 27. Qd4 Qa5 28.
Qe5 {Verat,L-Haik,A/FRA Cup Monaco 1999} Qxe5 29. fxe5 Ng4 $14) 18... Rd4 19.
e3 (19. e4 $1 $16 {Atalik,S}) 19... Bf5 20. Qc1 (20. e4 $1 $16) 20... Rd7 21.
Rd1 Bd3 $6 (21... c4 $1 $14 {/\Bd3}) 22. a4 $1 (22. Nd5 $2 Nxd5 23. Rxd3 Nxf4
$1) 22... b4 23. a5 Qd6 (23... Qe6 $2 24. Na4 $1 $18 Ne4 $140 25. f3) (23...
Qb8 24. Na4 $16) (23... Qd8 24. Na4 $16) (23... Qc7 24. Nd5 $1 $16) 24. Nb5 $1
$16 {Gleizerov,E-Gerber,R/Geneve 2002 Inf 84/35}) 14. d6 Ne6 15. Bxa8 Nxf4 16.
gxf4 Qg4+ (16... b4 17. Ne4 (17. Nd5 Qxd6 18. e3 Ba6 19. Nxb4 $5 Qxd1 20. Rfxd1
cxb4 {1/2-1/2 Weemaes,R-Polaczek,R/BEL jub50 corr 1991} 21. Bf3 $140 Ne8 22.
Rd2 Bc4 23. Be2 Be6 24. a3 b3 25. Rc1 $44 {Weemaes/Delabie}) (17. Na4 Qg4+ $5 (
17... Ba6 $2 18. Nxc5 Qg4+ 19. Bg2 Bxe2 20. f3 $18) 18. Bg2 Bb7 19. e4 Qxf4 20.
Qf3 Qxd6 21. e5 Bxf3 22. exd6 Bxg2 23. Kxg2 Ne4 $44 {Weemaes/Delabie}) 17...
Nxe4 18. Bxe4 Qg4+ 19. Bg2 Bb7 20. e4 Qxf4 21. Qc1 $1 Qg4 (21... Qxd6 $140 $2
22. e5 $1 Qc7 23. Bxb7 Qxb7 24. Qxc5 Qf3 25. Qd4 $1 $18) 22. h3 Qh5 23. a3 $1
$16 Be5 24. axb4 Bxd6 25. Qd1 Qe5 26. f4 Qe7 27. e5 $18 {Nikolic,P-Pliester,L/
Lugano op 1986}) 17. Bg2 Qxf4 $5 (17... Bb7 18. e4 $1 Qxf4 19. Qf3 (19. Ne2 Qh4
20. f3 Nh5 21. Qd2 f5 22. exf5 Rxf5 23. d7 Rf8 24. f4 Qg4 25. Rf2 Rd8 26. Rd1
Bc6 27. Qe3 Rxd7 28. Qe8+ Bf8 29. Rxd7 Bxd7 30. Qe5 $16 {Kozma,J-Espig,L/
Polanica Zdroj 1971}) (19. Qd3 b4 20. Ne2 Qe5 21. f4 Qxb2 {Pekeri-Huebner,R/
FRG 1966} 22. e5 c4 23. Qxc4 Rc8 24. Qb5 Bxg2 25. Rab1 $16 {AK IZ/234}) 19...
Qe5 (19... Qxd6 20. Nxb5 $16 {Adorjan,A}) 20. Qg3 $16) 18. Qc1 (18. e3 Qe5 19.
h3 Rd8 20. Qf3 Bf8 $14 {Benko,P-Kraidman,Y/Netania 1971}) 18... Qxd6 19. Nxb5
Qe5 20. Qc3 (20. Nc3 $5) 20... Qxe2 21. Nxa7 Be6 22. Qxc5 Nd7 $1 $14 23. Qb5
Qxb5 24. Nxb5 Bc4 25. a4 Bxb2 26. Rab1 Bxf1 27. Kxf1 Be5 28. Rd1 $16 {Ulibin,
M-Tunik,G/RUS-chT Podolsk 1992}) 12. Nxd6 $1 {[%csl Ra8][%cal Gg2a8,Gc1f4,
Gf4c7,Gd5d6]} Qxd6 (12... Ba6 $6 13. Qa4 $1 Qxd6 14. Bf4 Qd7 15. Qxd7 Nxd7 16.
Bxc7 Rac8 17. d6 $16 Bxc3 18. bxc3 c4 19. Rfd1 Rce8 20. Bc6 $18 {Scherbakov,
R-Nun,J,Pardubice op 1992}) 13. Bf4 Qd7 14. d6 Ne6 15. Bxa8 Nxf4 16. gxf4 Qg4+
17. Bg2 Qxf4 $14 (17... Bb7 18. e4 Qxf4 19. Qf3 (19. Ne2 $6 Qh4 20. f3 Ba6 21.
Qe1 Qh5 22. Rf2 Rd8 23. Rd1 Bh6 $44 {Movsesian,K-Basin,L/ Leningrad 1985})
19... Qe5 (19... Qxd6 20. e5 $1) 20. Qg3 $16) 18. e3 (18. Qd3 Ng4 19. Qg3 Qh6
20. Nd5 Be6 (20... Be5 $2 21. f4 Bxd6 22. h3 $18) 21. h3 Ne5 (21... Be5 22. f4
Bxd5 23. hxg4 Bxg2 24. Kxg2 Bxd6 25. Rad1 Bb8 26. g5 Qg7 27. Qc3 $16 {Hoffman,
A-Lauridsen,J/Buenos Aires 1998}) 22. Rad1 Nd7 23. b3 f5 24. Qe3 $6 (24. f4 $1
{[%csl Rh6]} Bd4+ 25. e3 Bf6 26. Nc7 Bf7 27. Qf3 Rd8 28. Qb7 Qh4 29. Nd5 $18)
24... Qxe3 25. Nxe3 Rd8 26. Bd5 (26. Nd5 Kf7 27. Rd2 Nf6 28. Nxf6 Bxf6 29. e3
Be5 30. Rfd1 $16) 26... Kf7 27. Bxe6+ Kxe6 28. Nd5 Ne5 29. Rd2 Bh6 30. f4 Nf7
31. Nc7+ Kd7 32. Nb5 $6 (32. e3 $16) 32... a6 33. Nc7 Nxd6 34. Nd5 Kc6 $44 {
Alburt,L-Friedman,J/New York 1994}) 18... Qe5 19. Re1 g5 (19... Rd8 20. Qa4 Ng4
21. f4 Qxd6 22. Rad1 Qe7 23. h3 Rxd1 24. Qxd1 Nh6 25. Qf3 Nf5 $14) 20. Qf3 (20.
Qa4 Qxd6 21. Rad1 Qb8 22. Re2 Ng4 23. f4 gxf4 24. exf4 Be6 $14) 20... Qxd6 21.
Qg3 $6 (21. Rad1 $5 Qe5 22. Qg3 Qxg3 23. hxg3 h5 $14) 21... Qxg3 22. hxg3 g4 $6
(22... h5 $5 23. a4 h4 24. gxh4 gxh4 25. a5 Be6 26. axb6 axb6 27. Ra6 h3 28.
Bc6 Rb8 $44) 23. Rad1 Be6 24. Rd2 Nd7 25. Nd5 $1 $14 Ne5 26. b3 Rb8 (26... c4
$6 27. bxc4 Nxc4 28. Rc2 b5 29. Rd1 a6 30. Bf1 Ne5 31. Rc7 $16) 27. Red1 Kf8
28. Nf4 Ke7 29. Be4 h6 30. Kg2 Rc8 31. Rd6 Rb8 (31... c4 $6 32. bxc4 Nxc4 33.
R6d3 Ne5 34. Nd5+ Ke8 35. Ra3 $16) 32. Nxe6 fxe6 33. Bc6 Rf8 $6 (33... b5 34.
f4 gxf3+ 35. Bxf3 Rb6 36. Rxb6 axb6 $14) 34. Bd7 Rf6 35. Bb5 $1 $16 h5 36. Rd8
h4 $6 (36... Rf7 37. Re8+ Kf6 38. Rh1 $16) 37. gxh4 Rh6 38. Ra8 $18 Nf3 39.
Rxa7+ Kf6 40. Rdd7 Nxh4+ 41. Kg3 Nf5+ 42. Kxg4 Rh1 43. Bd3 Ke5 44. f4+ 1-0